000 00313nam a22001457a 4500
999 _c11976
_d11976
020 _a978-0805346800
082 _a571.6
100 _aBecker Kleinsmith
245 _aThe World of the Cell
250 _a6th
260 _aNew York
_bPearson
_c2006
300 _a1250
650 _aBioScience
942 _cBK